000
00245nam a2200097Ia 4500
001
1251150
005
20251031150910.0
008
251031s9999 xx 000 0 und d
245
0
_c
PELİN ÇİFT
_a
I-4 BEYNİN SIRLARI
260
_b
DESTEK YAYINLARI
999
_c
1251150
_d
1251150